MAASAI MARA UNIVERSITY

LIBRARY CATALOGUE

Contact Us: +254 020 2685356/7 or 0774 057787

Box: 861-20500, NAROK, KENYA

Email: info@mmarau.ac.ke

Zimmerman,Baverly B. (Record no. 3739)

MARC details
000 -LEADER
fixed length control field 00435nam a2200145Ia 4500
008 - FIXED-LENGTH DATA ELEMENTS--GENERAL INFORMATION
fixed length control field 151015s9999 xx 000 0 und d
020 ## - INTERNATIONAL STANDARD BOOK NUMBER
International Standard Book Number 760052557
050 ## - LIBRARY OF CONGRESS CALL NUMBER
Classification number Z 52.5.M52M3844 1997
245 ## - TITLE STATEMENT
Title Zimmerman,Baverly B.
250 ## - EDITION STATEMENT
Edition statement _Microsoft Word 97 Introductory Berverly B. Zimmerman
300 ## - PHYSICAL DESCRIPTION
Extent New york Thomso publishing 1997
500 ## - GENERAL NOTE
General note Include index
650 ## - SUBJECT ADDED ENTRY--TOPICAL TERM
Topical term or geographic name as entry element _Microsoft word
700 ## - ADDED ENTRY--PERSONAL NAME
Personal name ^d20120830 11:39:21^okorir

No items available.

© 2016 Maasai Mara University.